Statistics for U.S. City to State #3

Click here to take the quiz!

General Stats

  • This quiz has been taken 45 times
  • The average score is 6 of 15

Answer Stats

CityState% Correct
SchenectadyNew York
82%
BozemanMontana
74%
WoonsocketRhode Island
56%
Iron MountainMichigan
53%
LompocCalifornia
50%
TucumcariNew Mexico
50%
ApalachicolaFlorida
38%
AshtabulaOhio
32%
Port ArthurTexas
32%
Yazoo CityMississippi
29%
Warner RobinsGeorgia
24%
Devils LakeNorth Dakota
24%
Sioux CityIdaho
15%
OkanoganWashington
15%
BlandingUtah
12%

Score Distribution

Percentile by Number Answered

Percent of People with Each Score

Your Score History

You have not taken this quiz